000 00761nam a2200265 i 4500
008
020 _a0632038012 (pbk. )
049 _aMAIN
090 0 _aQH541
_bBEG
100 1 _aMichael, Begon
245 1 0 _aEcology :
_bindividuals, populations and communities /
_cMichael Begon.
250 _a3rd ed.
260 _aLondon :
_bBlackwell Science,
_c1986.
300 _axii, 1068 p. :
_bcol. ill. ;
_c26 cm.
504 _aIncludes bibliographical references.
500 _aIncludes index.
650 0 _aEcology.
700 _aTownsend,Colin R.
700 _aHarper,John L.
907 _a.b10201919
_b16-11-15
_c09-05-06
003
005 20230123134450.0
040 _cNUST
942 _cBOOKS
_kQH541
_mBEG
999 _c166405
_d166405